Los estudios hispánicos en los Estados Unidos (Record no. 80467)

MARC details
000 -LEADER
campo de control de longitud fija 00807nam a2200205 i 4500
001 - NÚMERO DE CONTROL
campo de control 80467
003 - IDENTIFICADOR DE NÚMERO DE CONTROL
campo de control ES-MaACL
005 - FECHA Y HORA DE LA ÚLTIMA TRANSACCIÓN
campo de control 20230906174225.0
007 - CAMPO FIJO DE DESCRIPCIÓN FÍSICA--INFORMACIÓN GENERAL
campo de control de longitud fija t|
008 - DATOS DE LONGITUD FIJA--INFORMACIÓN GENERAL
campo de control de longitud fija 041028s1957 sp |||| | spa d
100 1# - ENTRADA PRINCIPAL--NOMBRE DE PERSONA
Nombre de persona Hilton, Ronald.
9 (RLIN) 63739
245 14 - MENCIÓN DEL TÍTULO
Título Los estudios hispánicos en los Estados Unidos
Resto del título : archivos-bibliotecas-museos-sociedades científicas /
Mención de responsabilidad, etc. Ronald Hilton ; versión y adaptación española de Lino Gómez Canedo.
260 ## - PUBLICACIÓN, DISTRIBUCIÓN, ETC.
Lugar de publicación, distribución, etc. Madrid :
Nombre del editor, distribuidor, etc. Cultura Hispánica,
Fecha de publicación, distribución, etc. 1957 (
Fabricante Arba)
300 ## - DESCRIPCIÓN FÍSICA
Extensión XII, 493 p. ;
Dimensiones 24 cm.
650 #4 - PUNTO DE ACCESO ADICIONAL DE MATERIA--TÉRMINO DE MATERIA
Término de materia o nombre geográfico como elemento de entrada Instituciones científicas-
Subdivisión geográfica Estados Unidos.
9 (RLIN) 165545
650 #4 - PUNTO DE ACCESO ADICIONAL DE MATERIA--TÉRMINO DE MATERIA
Término de materia o nombre geográfico como elemento de entrada Civilización hispánica-
Subdivisión general Investigación-
Subdivisión geográfica Estados Unidos.
9 (RLIN) 172667
700 1# - ENTRADA AGREGADA--NOMBRE PERSONAL
Nombre de persona Gómez Canedo, Lino,
Fechas asociadas al nombre 1908-1990
9 (RLIN) 57855
852 ## - LOCALIZACIÓN
Ubicación ES-MaACL
Número de control de estantería C-15337
Holdings
Estatus retirado Estado de pérdida Estado de daño No para préstamo Biblioteca de origen Biblioteca actual Ubicación en estantería Fecha de adquisición Fuente de adquisición Total de préstamos Signatura topográfica completa Código de barras Visto por última vez Precio de reemplazo Tipo de ítem Koha
        Biblioteca del Ateneo de Madrid Biblioteca del Ateneo de Madrid Ficheros 17/01/2008     C-15337 1084129 23/02/2023 23/02/2023 Libro impreso